000 00800nam a2200253Ia 4500
003 OSt
005 20221005070708.0
006 a|||||r|||| 00| 0
007 ta
008 221004b |||||||| |||| 00| 0 eng d
020 _a8187392762 (hbk)
_c350
024 _a87509
037 _b078, 26/03/2007, Prachi Book Distributors
_cTextual
040 _aCRL
_cCRL
_beng
041 _2eng
_aeng
082 _aV49G:594.P1, P6
100 _aBaral Lok Raj Ed.
_9557206
245 0 _aNon traditional security
_b state, society and democracy in South Asia
260 _aNew Delhi
_bAdroit India
_c2006
300 _a210p.
_ccm.
650 _aHISTORY
942 _hV49G:594.P1, P6
_cTEXL
_2cc
999 _c976615
_d976615